| 000 | 00352nam a22001577a 4500 | ||
|---|---|---|---|
| 003 | SGT | ||
| 020 | _a9788184736724 | ||
| 082 | _a540,LEM | ||
| 100 | _aLEMKE,THOMAS L. | ||
| 245 | _aFOYE'S PRINCIPLES OF MEDICINAL CHEMISTRY | ||
| 250 | _a7TH | ||
| 260 |
_aNEW DELHI _bWOLTERS KLUWER _c2013 |
||
| 300 | _a1500 | ||
| 650 | _aCHEMISTRY | ||
| 942 |
_2ddc _cFPS |
||
| 999 |
_c9856 _d9856 |
||